Capitales que no son la Ciudad más Poblada - Estadísticas

Estadísticas generales
  • Esta prueba ha sido intentada 50 veces
    49 desde el último reinicio
  • La puntuación promedio es 15 de 26
Estadísticas de respuestas
Hint Respuesta % Correcto
América del Sur Quito (Ecuador)
95%
América del Norte Washington D. C. (Estados Unidos)
95%
América del Norte Ottawa (Canadá)
92%
América del Sur Brasilia (Brasil)
90%
Oceanía Canberra (Australia)
87%
América del Sur La Paz, Sucre (Bolivia)
87%
Asia Pekín (China)
87%
África Rabat (Marruecos)
82%
África Bloemfontein, Ciudad del Cabo, Pretoria (Sudáfrica)
79%
Oceanía Wellington (Nueva Zelanda)
77%
Asia Ankara (Turquía)
64%
África Abuya (Nigeria)
62%
África Dodoma (Tanzania)
54%
Asia Islamabad (Pakistán)
54%
Asia Abu Dabi (Emiratos Árabes Unidos)
51%
Asia Hanoi (Vietnam)
51%
Asia Astaná (Kazajistán)
49%
Europa Berna (Suiza)
49%
Asia Nueva Delhi (India)
46%
América del Norte Belmopán (Belice)
44%
Asia Damasco (Siria)
41%
África Yamusukro (Costa de Marfil)
26%
África Porto Novo (Benín)
23%
Asia Sri Jayawardenapura Kotte (Sri Lanka)
21%
África Yaundé (Camerún)
21%
África Gitega (Burundi)
5%
No se encontraron pruebas coincidentes
Distribución de puntuación
Porcentaje de gente con cada puntuación
Porcentaje por número respondido
Historial de tus puntuaciones
No has intentado esta prueba desde el último reinicio